El taller de los Della Robbia

Uloženo v:
Podrobná bibliografie
Hlavní autor: Baldini, Umberto (Autor)
Médium: Kniha
Jazyk:španělština
Vydáno: Granada Albaicin-Sadea 1968
Edice:Forma y Color. Los grandes ciclos del arte, 38
Témata:
Tagy: Přidat tag
Žádné tagy, Buďte první, kdo vytvoří štítek k tomuto záznamu!

MARC

LEADER 00000nam a2200000 a 4500
001 UCV9728
003 CL-VaPUC
008 930416e19680000SP |||||||||||||||||spa|d
082 0 4 |a 730.92  |b BAL  |2 21 
100 0 |a Baldini, Umberto  |e author  |9 303753 
245 1 3 |a El taller de los Della Robbia 
300 |a 7 p 
942 |c BK 
945 |d 19930416 00:00:00 
260 |a Granada  |b Albaicin-Sadea  |c 1968 
600 0 7 |a DELLA ROBBIA, LUCA  |2 CL-VaPUC  |9 268625 
600 0 7 |a DELLA ROBBIA, ANDREA  |2 CL-VaPUC  |9 268626 
600 0 7 |a DELLA ROBBIA, GIOVANNI  |2 CL-VaPUC  |9 268627 
583 |a last modification  |c 19930416 00:00:00  |k Rodrigo Vera 
490 0 |a Forma y Color. Los grandes ciclos del arte, 38 
999 |c 215028  |d 215026 
952 |0 0  |1 0  |4 0  |6 730_920000000000000_BAL_1968  |7 0  |8 A  |9 198926  |a BIBARQ  |b BIBARQ  |d 2019-11-14  |i 2662833  |o 730.92 BAL 1968  |p 2662833  |r 2025-01-20  |w 2019-11-14  |y BK  |k ARQ